| 000 | 01515nam a2200289 a 4500 | ||
|---|---|---|---|
| 001 | 000463947 | ||
| 003 | AM-YeHGA | ||
| 005 | 20250617133647.0 | ||
| 008 | 051116s1999 ai r 000 0 arm d | ||
| 020 | _a5808004020 | ||
| 040 | _aAM-YeHGA | ||
| 041 | 0 |
_aarm _arus _aeng |
|
| 245 | 0 | 0 |
_aՀայաստան. կլիմայի փոփոխության հիմնահարցերը = _bАрмения: проблемы изменения климата = Armenia: climate change problems; Հոդվածների ժողովածու / _cԽմբ.՝ Ա. Գաբրիելյան; ՀՀ բնապահպանության նախարարություն; ՄԱԿ-ի զարգացման ծրագիր: ԳԷՖ. |
| 246 | 3 | 1 | _aАрмения: проблемы изменения климата |
| 246 | 3 | 1 | _aArmenia: climate change problems |
| 260 |
_aԵրևան : _bԳիտություն, _c1999. |
||
| 300 |
_a373 էջ : _bգծագր. ; _c29 սմ. |
||
| 504 | _aՄատենագիտ.՝ հոդվածների վերջում | ||
| 650 | 1 | 4 | _aԷկոլոգիա |
| 650 | 1 | 4 |
_aԱրտանետումների սահմանափակում _zՀայաստան |
| 653 | 1 | _aԿլիմատոլոգիա | |
| 700 | 1 |
_aԳաբրիելյան, Ա. _eխմբ. _4edt |
|
| 710 | 2 | _aՀայաստանի Հանրապետության բնապահպանության նախարարություն | |
| 710 | 2 | _aՄիացյալ ազգերի կազմակերպության զարգացման ծրագիր | |
| 710 | 2 | _aԳլոբալ էկոլոգիական ֆոնդ | |
| 090 | _c170597 | ||
| 999 |
_c169164 _d169164 |
||